[Event "Corumba Nunes de Caceres Memorial"]
[Site "Corumba"]
[Date "2015.10.20"]
[Round "10.2"]
[White "Souza Arruda, Gabriel"]
[Black "Marinho, Felipe Clemente"]
[Result "1-0"]
[WhiteElo "1800"]
[BlackElo "1800"]
[PlyCount "63"]
[EventDate "2015.10.16"]
[EventType "tourn"]
[EventRounds "11"]
[EventCountry "BRA"]
[SourceTitle "EXT 2022"]
[Source "ChessBase"]
[SourceDate "2021.10.06"]
[SourceVersion "1"]
[SourceVersionDate "2021.10.06"]
[SourceQuality "1"]

1. e4 e6 2. d4 d5 3. Nc3 Bb4 4. e5 c5 5. a3 Ba5 6. b4 cxd4 7. Qg4 Ne7 8. bxa5 dxc3 9. Qxg7 Rg8 10. Qxh7 Nbc6 11. f4 Bd7 12. Rb1 Nxa5 13. Nf3 Qc7 14. Nd4 a6 15. g3 Qc5 16. Be3 Qxa3 17. Be2 Nc4 18. Bxc4 dxc4 19. 0-0 b5 20. Ra1 Qb4 21. Rfb1 Qc5 22. Nf5 Qc6 23. Nd6+ Kd8 24. Qxf7 Be8 25. Qxe6 Rg6 26. Nf7+ Bxf7 27. Qxf7 Qe8 28. e6 Kc7 29. Bc5 Qxf7 30. exf7 Nd5 31. Rxb5 Rf6 32. Bd4 1-0

[Event "Corumba Nunes de Caceres Memorial"]
[Site "Corumba"]
[Date "2015.10.18"]
[Round "8.1"]
[White "Samaniego, Augusto Cesar"]
[Black "Marinho, Felipe Clemente"]
[Result "1-0"]
[WhiteElo "1860"]
[BlackElo "1800"]
[PlyCount "34"]
[EventDate "2015.10.16"]
[EventType "tourn"]
[EventRounds "11"]
[EventCountry "BRA"]
[SourceTitle "EXT 2022"]
[Source "ChessBase"]
[SourceDate "2021.10.06"]
[SourceVersion "1"]
[SourceVersionDate "2021.10.06"]
[SourceQuality "1"]

1. e4 e5 2. Nf3 Nc6 3. Bc4 Bc5 4. 0-0 Nf6 5. c3 0-0 6. d4 Bd6 7. Bg5 h6 8. Bh4 Nxe4 9. Bxd8 Rxd8 10. dxe5 Bxe5 11. Qd5 Rf8 12. Nxe5 d6 13. Nxc6 bxc6 14. Qxe4 d5 15. Bxd5 cxd5 16. Qxd5 Be6 17. Qc5 Bf5 1-0

[Event "Corumba Nunes de Caceres Memorial"]
[Site "Corumba"]
[Date "2015.10.18"]
[Round "7.6"]
[White "Toledo Jorge, Joao Gabriel F"]
[Black "Marinho, Felipe Clemente"]
[Result "1/2-1/2"]
[WhiteElo "1800"]
[BlackElo "1800"]
[PlyCount "42"]
[EventDate "2015.10.16"]
[EventType "tourn"]
[EventRounds "11"]
[EventCountry "BRA"]
[SourceTitle "EXT 2022"]
[Source "ChessBase"]
[SourceDate "2021.10.06"]
[SourceVersion "1"]
[SourceVersionDate "2021.10.06"]
[SourceQuality "1"]

1. d4 d5 2. c4 e6 3. Nc3 Nf6 4. Bg5 Nbd7 5. e3 Be7 6. Nf3 0-0 7. Rc1 a6 8. a3 h6 9. Bh4 dxc4 10. Bxc4 c5 11. Be2 cxd4 12. Nxd4 Nb6 13. Bg3 Nbd5 14. Nxd5 Nxd5 15. 0-0 Bf6 16. Qb3 Bxd4 17. exd4 b6 18. Bf3 Bb7 19. Bc7 Qd7 20. Bxd5 Qxd5 21. Qxd5 Bxd5 1/2-1/2

[Event "Corumba Nunes de Caceres Memorial"]
[Site "Corumba"]
[Date "2015.10.16"]
[Round "2.4"]
[White "Marinho, Felipe Clemente"]
[Black "De Abreu, Vinicius Jose Marca"]
[Result "0-1"]
[WhiteElo "1800"]
[BlackElo "1653"]
[PlyCount "56"]
[EventDate "2015.10.16"]
[EventType "tourn"]
[EventRounds "11"]
[EventCountry "BRA"]
[SourceTitle "EXT 2022"]
[Source "ChessBase"]
[SourceDate "2021.10.06"]
[SourceVersion "1"]
[SourceVersionDate "2021.10.06"]
[SourceQuality "1"]

1. e4 d5 2. Nc3 dxe4 3. Nxe4 Bf5 4. Nc3 e6 5. d3 Bb4 6. a3 Bxc3+ 7. bxc3 Nf6 8. Be2 0-0 9. Nf3 Nc6 10. 0-0 Qd6 11. g3 Ne5 12. Bf4 Nxf3+ 13. Bxf3 Qc5 14. d4 Qxc3 15. Rb1 Be4 16. Rb3 Qc4 17. Be2 Bxc2 18. Bxc4 Bxd1 19. Rxd1 b6 20. Bb5 Rac8 21. Bc6 Rfd8 22. Bb7 Rb8 23. Bxc7 Rd7 24. Bxb8 Rxb7 25. Be5 Nd7 26. Rc1 h6 27. Rc8+ Kh7 28. Rbc3 Nxe5 0-1